Koncipovanie východiskových princípov tvorby štátneho rozpočtu a daňovej sústavy

Uložené v:
Podrobná bibliografia
Médium: Kniha
Jazyk:Slovak
Vydavateľské údaje: Praha Ústřední ústav národohospodářského výzkumu 1991
Vydanie:1. vyd.
Edícia:Studijně rozborové a informační materiály
Predmet:
Tagy: Pridať tag
Žiadne tagy, Buďte prvý, kto otaguje tento záznam!

MARC

LEADER 00000nam a2200000 4500
001 c005495
005 20221214094007.8
041 0 |a slo 
044 |a CZ 
245 1 0 |a Koncipovanie východiskových princípov tvorby štátneho rozpočtu a daňovej sústavy 
250 |a 1. vyd. 
264 1 |a Praha  |b Ústřední ústav národohospodářského výzkumu  |c 1991 
300 |a 123 s. 
490 1 |a Studijně rozborové a informační materiály 
830 0 |a Studijně rozborové a informační materiály 
610 2 0 |a rozpočet štátny 
610 2 0 |a sústava daňová 
610 2 0 |a reformy daňové 
610 2 0 |a dane z hodnoty pridanej 
610 2 0 |a dane nepriame 
610 2 0 |a dane spotrebné 
610 2 0 |a politika fiškálna